[Event "DEM U14w 2018"]
[Site "Willingen GER"]
[Date "2018.05.26"]
[Round "9"]
[White "Reuter, Elisa"]
[Black "Wagner, Victoria"]
[Result "1-0"]
[Termination "normal"]
[Board "6"]
[WhiteElo "1835"]
[BlackElo "1700"]
[WhiteClock "00:56:13"]
[BlackClock "00:02:21"]
[PlyCount "77"]
[WhiteFideId "12995444"]
[BlackFideId "16232348"]
[EventCountry "GER"]
[EventRounds "9"]
[EventType "swiss"]
[EventDate "2018.05.19"]

1. e4 {[%clk 1:30:59]} 1... c5 {[%clk 1:30:54]} 2. Nf3 {[%clk 1:31:26]} 2... d6
{[%clk 1:31:20]} 3. d4 {[%clk 1:31:51]} 3... cxd4 {[%clk 1:31:47]} 4. Nxd4 {
[%clk 1:32:16]} 4... Nf6 {[%clk 1:32:11]} 5. Nc3 {[%clk 1:32:41]} 5... a6 {
[%clk 1:32:38]} 6. Be2 {[%clk 1:33:05]} 6... e5 {[%clk 1:32:44]} 7. Nb3 { [%clk
1:33:31]} 7... Be7 {[%clk 1:32:43]} 8. O-O {[%clk 1:33:48]} 8... O-O { [%clk
1:31:29]} 9. Kh1 {[%clk 1:31:27]} 9... b6 {[%clk 1:29:43]} 10. f4 { [%clk
1:31:36]} 10... Bb7 {[%clk 1:29:15]} 11. Bf3 {[%clk 1:31:26]} 11... Re8 { [%clk
1:25:56]} 12. f5 {[%clk 1:31:01]} 12... Nbd7 {[%clk 1:09:41]} 13. g4 { [%clk
1:26:48]} 13... Nc5 {[%clk 0:58:41]} 14. Nxc5 {[%clk 1:25:28]} 14... dxc5
{[%clk 0:55:35]} 15. g5 {[%clk 1:22:07]} 15... Nd7 {[%clk 0:53:47]} 16. Rg1 {
[%clk 1:20:20]} 16... Nb8 {[%clk 0:51:32]} 17. Qf1 {[%clk 1:16:20]} 17... Nc6 {
[%clk 0:49:40]} 18. f6 {[%clk 1:12:23]} 18... Bf8 {[%clk 0:45:59]} 19. fxg7 {
[%clk 1:12:47]} 19... Bxg7 {[%clk 0:45:18]} 20. Nd5 {[%clk 1:13:08]} 20... Ne7
{[%clk 0:38:02]} 21. Nf6+ {[%clk 1:05:34]} 21... Bxf6 {[%clk 0:38:11]} 22.
gxf6+ {[%clk 1:05:59]} 22... Ng6 {[%clk 0:38:34]} 23. Bg5 {[%clk 1:05:54]}
23... Re6 {[%clk 0:19:15]} 24. Rd1 {[%clk 1:02:30]} 24... Rd6 {[%clk 0:17:48]}
25. Rxd6 {[%clk 1:00:25]} 25... Qxd6 {[%clk 0:18:12]} 26. Qh3 {[%clk 1:00:42]}
26... Rd8 {[%clk 0:13:42]} 27. Bh6 {[%clk 1:00:05]} 27... Bc8 {[%clk 0:09:06]}
28. Qh5 {[%clk 0:59:03]} 28... Qc6 {[%clk 0:07:55]} 29. Bg7 {[%clk 0:57:56]}
29... Qe8 {[%clk 0:05:04]} 30. Qh6 {[%clk 0:58:20]} 30... Be6 {[%clk 0:03:19]}
31. b3 {[%clk 0:57:24]} 31... c4 {[%clk 0:02:56]} 32. h4 {[%clk 0:57:22]} 32...
cxb3 {[%clk 0:02:49]} 33. axb3 {[%clk 0:57:45]} 33... a5 {[%clk 0:02:42]} 34.
h5 {[%clk 0:58:06]} 34... b5 {[%clk 0:02:49]} 35. hxg6 {[%clk 0:58:31]} 35...
fxg6 {[%clk 0:02:58]} 36. Rg2 {[%clk 0:56:35]} 36... a4 {[%clk 0:02:23]} 37.
bxa4 {[%clk 0:56:55]} 37... bxa4 {[%clk 0:02:48]} 38. Rh2 {[%clk 0:56:13]}
38... a3 {[%clk 0:02:21]} 39. Qxh7+ 1-0

[Event "DEM U14w 2018"]
[Site "Willingen GER"]
[Date "2018.05.26"]
[Round "9"]
[White "Liu, Sijia Anna"]
[Black "Schneider, Katharina"]
[Result "1-0"]
[Termination "normal"]
[Board "7"]
[WhiteElo "1748"]
[BlackElo "1667"]
[WhiteClock "00:52:56"]
[BlackClock "00:35:16"]
[PlyCount "47"]
[WhiteFideId "12989746"]
[BlackFideId "16200519"]
[EventCountry "GER"]
[EventRounds "9"]
[EventType "swiss"]
[EventDate "2018.05.19"]

1. e4 {[%clk 1:30:59]} 1... e5 {[%clk 1:30:53]} 2. Nf3 {[%clk 1:31:22]} 2...
Nc6 {[%clk 1:31:18]} 3. Bb5 {[%clk 1:31:40]} 3... a6 {[%clk 1:31:42]} 4. Ba4 {
[%clk 1:32:05]} 4... Nf6 {[%clk 1:32:04]} 5. O-O 5... Be7 {[%clk 1:32:23]} 6.
d4 {[%clk 1:31:52]} 6... exd4 {[%clk 1:22:55]} 7. e5 {[%clk 1:29:35]} 7... Nd5
{[%clk 1:18:25]} 8. Bb3 {[%clk 1:25:51]} 8... Nb6 {[%clk 1:17:37]} 9. Nxd4 {
[%clk 1:22:54]} 9... O-O {[%clk 1:10:45]} 10. Re1 {[%clk 1:17:28]} 10... d5 {
[%clk 1:04:14]} 11. c3 {[%clk 1:12:06]} 11... Be6 {[%clk 0:57:15]} 12. Nd2 {
[%clk 1:05:49]} 12... Na5 {[%clk 0:54:32]} 13. Bc2 {[%clk 1:03:37]} 13... c5 {
[%clk 0:53:33]} 14. Nf5 {[%clk 1:01:14]} 14... Nbc4 {[%clk 0:44:30]} 15. b3
15... Nxd2 {[%clk 0:44:23]} 16. Qxd2 {[%clk 0:57:31]} 16... Nc6 {[%clk 0:40:56]
} 17. Nxg7 {[%clk 0:56:37]} 17... Nxe5 {[%clk 0:34:41]} 18. Rxe5 { [%clk
0:55:24]} 18... Bf6 {[%clk 0:34:58]} 19. Qh6 {[%clk 0:52:17]} 19... Re8 { [%clk
0:34:36]} 20. Nxe6 {[%clk 0:51:47]} 20... Rxe6 {[%clk 0:34:25]} 21. Bxh7+
{[%clk 0:51:56]} 21... Kh8 {[%clk 0:34:27]} 22. Bg6+ {[%clk 0:52:14]} 22... Kg8
{[%clk 0:34:50]} 23. Qh7+ {[%clk 0:52:33]} 23... Kf8 {[%clk 0:35:16]} 24. Qxf7#
{[%clk 0:52:56]} 1-0

[Event "DEM U14w 2018"]
[Site "Willingen GER"]
[Date "2018.05.26"]
[Round "9"]
[White "Kunisch, Nina"]
[Black "Barutta, Larissa"]
[Result "1-0"]
[Termination "normal"]
[Board "8"]
[WhiteElo "1704"]
[BlackElo "1676"]
[WhiteClock "00:58:51"]
[BlackClock "01:14:03"]
[PlyCount "27"]
[WhiteFideId "12982849"]
[BlackFideId "16222946"]
[EventCountry "GER"]
[EventRounds "9"]
[EventType "swiss"]
[EventDate "2018.05.19"]

1. Nf3 {[%clk 1:30:55]} 1... d5 {[%clk 1:30:53]} 2. g3 {[%clk 1:31:17]} 2... c5
{[%clk 1:31:14]} 3. Bg2 {[%clk 1:31:34]} 3... Nf6 {[%clk 1:31:37]} 4. O-O {
[%clk 1:31:55]} 4... Nc6 {[%clk 1:32:03]} 5. d4 {[%clk 1:31:38]} 5... cxd4 {
[%clk 1:32:05]} 6. Nxd4 {[%clk 1:31:10]} 6... e5 {[%clk 1:32:20]} 7. Nxc6 {
[%clk 1:29:43]} 7... bxc6 {[%clk 1:32:39]} 8. c4 {[%clk 1:29:14]} 8... Bc5 {
[%clk 1:28:56]} 9. cxd5 {[%clk 1:16:45]} 9... cxd5 {[%clk 1:23:50]} 10. Bg5 {
[%clk 1:12:12]} 10... Be6 {[%clk 1:17:52]} 11. Nc3 {[%clk 1:05:36]} 11... O-O {
[%clk 1:14:42]} 12. Bxf6 {[%clk 1:03:36]} 12... Qxf6 {[%clk 1:15:01]} 13. Nxd5
{[%clk 1:01:00]} 13... Bxf2+ {[%clk 1:14:03]} 14. Rxf2 {[%clk 0:58:51]} 1-0

[Event "DEM U14w 2018"]
[Site "Willingen GER"]
[Date "2018.05.26"]
[Round "9"]
[White "Jacoby, Angelina"]
[Black "Schwegler, Jelena"]
[Result "0-1"]
[Termination "normal"]
[Board "9"]
[WhiteElo "1221"]
[BlackElo "1491"]
[WhiteClock "00:06:29"]
[BlackClock "00:13:46"]
[PlyCount "62"]
[WhiteFideId "12999008"]
[BlackFideId "16225481"]
[EventCountry "GER"]
[EventRounds "9"]
[EventType "swiss"]
[EventDate "2018.05.19"]

1. d4 {[%clk 1:30:58]} 1... d5 {[%clk 1:30:50]} 2. Nf3 {[%clk 1:30:26]} 2...
Nf6 {[%clk 1:29:29]} 3. e3 {[%clk 1:30:06]} 3... Bf5 {[%clk 1:28:04]} 4. Bd3 {
[%clk 1:30:24]} 4... e6 {[%clk 1:28:23]} 5. Qe2 {[%clk 1:27:56]} 5... Bd6 {
[%clk 1:26:12]} 6. Nbd2 {[%clk 1:27:02]} 6... Ne4 {[%clk 1:22:34]} 7. c3 {
[%clk 1:23:42]} 7... Nd7 {[%clk 1:19:41]} 8. O-O {[%clk 1:20:14]} 8... O-O {
[%clk 1:16:55]} 9. Re1 {[%clk 1:11:37]} 9... c6 {[%clk 1:10:59]} 10. h3 { [%clk
1:04:27]} 10... Re8 {[%clk 1:01:32]} 11. Nh2 {[%clk 0:55:54]} 11... Ndf6 {[%clk
0:53:46]} 12. Ndf3 {[%clk 0:51:32]} 12... Qc7 {[%clk 0:49:59]} 13. Nf1 { [%clk
0:48:25]} 13... h6 {[%clk 0:48:31]} 14. N3d2 {[%clk 0:44:23]} 14... a6 { [%clk
0:40:17]} 15. Nxe4 {[%clk 0:41:57]} 15... Nxe4 {[%clk 0:36:01]} 16. Qc2 { [%clk
0:37:07]} 16... c5 {[%clk 0:29:26]} 17. dxc5 {[%clk 0:32:03]} 17... Bxc5 {[%clk
0:28:56]} 18. Nd2 {[%clk 0:31:15]} 18... Nxd2 {[%clk 0:21:49]} 19. Bxf5 {[%clk
0:28:25]} 19... Nc4 {[%clk 0:19:41]} 20. Bd3 {[%clk 0:24:59]} 20... Ne5 {[%clk
0:18:33]} 21. e4 {[%clk 0:22:21]} 21... Nxd3 {[%clk 0:18:19]} 22. Qxd3 { [%clk
0:22:31]} 22... Rad8 {[%clk 0:18:09]} 23. exd5 {[%clk 0:21:13]} 23... Rxd5
{[%clk 0:17:52]} 24. Qxd5 {[%clk 0:20:10]} 24... exd5 {[%clk 0:16:49]} 25.
Rxe8+ {[%clk 0:19:41]} 25... Kh7 {[%clk 0:17:02]} 26. Bd2 {[%clk 0:17:55]}
26... Qb6 {[%clk 0:16:02]} 27. b3 {[%clk 0:13:00]} 27... Bxf2+ {[%clk 0:14:56]}
28. Kh1 {[%clk 0:12:17]} 28... Bg3 {[%clk 0:13:41]} 29. Rf1 {[%clk 0:10:18]}
29... Qb5 {[%clk 0:13:21]} 30. Ree1 {[%clk 0:07:57]} 30... Bxe1 {[%clk 0:13:30]
} 31. Bxe1 {[%clk 0:06:29]} 31... Qxf1+ {[%clk 0:13:46]} 0-1

[Event "DEM U14w 2018"]
[Site "Willingen GER"]
[Date "2018.05.26"]
[Round "9"]
[White "Wucherer, Sophie"]
[Black "Prudlik, Elisa"]
[Result "0-1"]
[Termination "normal"]
[Board "10"]
[WhiteElo "1340"]
[BlackElo "1286"]
[WhiteClock "00:25:06"]
[BlackClock "00:46:30"]
[PlyCount "84"]
[WhiteFideId "16225473"]
[BlackFideId "16209915"]
[EventCountry "GER"]
[EventRounds "9"]
[EventType "swiss"]
[EventDate "2018.05.19"]

1. d4 {[%clk 1:30:58]} 1... Nf6 {[%clk 1:30:53]} 2. Nf3 {[%clk 1:31:21]} 2...
g6 {[%clk 1:31:13]} 3. c4 {[%clk 1:31:42]} 3... b5 {[%clk 1:29:56]} 4. e3 {
[%clk 1:21:50]} 4... bxc4 {[%clk 1:27:54]} 5. Bxc4 {[%clk 1:22:06]} 5... d5 {
[%clk 1:26:32]} 6. Be2 {[%clk 1:19:21]} 6... Bg7 {[%clk 1:24:09]} 7. Nc3 {
[%clk 1:18:57]} 7... O-O {[%clk 1:19:29]} 8. O-O {[%clk 1:19:13]} 8... Nc6 {
[%clk 1:17:02]} 9. a3 {[%clk 1:16:42]} 9... a5 {[%clk 1:16:31]} 10. Bd2 { [%clk
1:12:34]} 10... Ba6 {[%clk 1:10:01]} 11. Qc2 {[%clk 0:54:06]} 11... Ne4 { [%clk
0:59:52]} 12. Bxa6 {[%clk 0:53:45]} 12... Nxd2 13. Nxd2 {[%clk 0:52:58]} 13...
Rxa6 {[%clk 1:00:11]} 14. Nb3 {[%clk 0:48:54]} 14... e5 {[%clk 0:57:12]} 15.
dxe5 {[%clk 0:46:35]} 15... Bxe5 {[%clk 0:56:30]} 16. Rfd1 {[%clk 0:42:00]}
16... d4 {[%clk 0:46:52]} 17. Ne2 {[%clk 0:39:56]} 17... a4 {[%clk 0:38:03]}
18. Nbxd4 {[%clk 0:38:23]} 18... Nxd4 {[%clk 0:38:07]} 19. Nxd4 {[%clk 0:38:41]
} 19... Qb8 {[%clk 0:31:41]} 20. Nc6 {[%clk 0:37:56]} 20... Qxb2 { [%clk
0:31:20]} 21. Ne7+ {[%clk 0:31:48]} 21... Kh8 {[%clk 0:30:52]} 22. Qxb2 { [%clk
0:28:40]} 22... Bxb2 {[%clk 0:31:03]} 23. Ra2 {[%clk 0:28:48]} 23... Bf6 {[%clk
0:31:13]} 24. Nd5 {[%clk 0:23:09]} 24... Rd6 {[%clk 0:30:35]} 25. Kf1 { [%clk
0:20:49]} 25... Rfd8 {[%clk 0:29:01]} 26. Nxf6 {[%clk 0:20:27]} 26... Rxd1+
{[%clk 0:29:14]} 27. Ke2 {[%clk 0:20:49]} 27... Rc1 {[%clk 0:25:29]} 28. e4
{[%clk 0:12:17]} 28... Kg7 {[%clk 0:24:39]} 29. Ng4 {[%clk 0:11:07]} 29... c5
{[%clk 0:22:39]} 30. Ne3 {[%clk 0:09:35]} 30... c4 {[%clk 0:22:23]} 31. Nd5
{[%clk 0:07:28]} 31... c3 {[%clk 0:21:49]} 32. f3 {[%clk 0:05:33]} 32... Rb8 {
[%clk 0:20:46]} 33. Nb4 {[%clk 0:05:08]} 33... Kf6 {[%clk 0:19:24]} 34. Kd3 {
[%clk 0:03:55]} 34... Rc8 {[%clk 0:18:47]} 35. Nd5+ {[%clk 0:03:51]} 35... Ke5
{[%clk 0:17:50]} 36. f4+ {[%clk 0:03:07]} 36... Ke6 {[%clk 0:17:43]} 37. Rc2 {
[%clk 0:03:22]} 37... Rxc2 {[%clk 0:16:32]} 38. Kxc2 {[%clk 0:03:50]} 38... f5
{[%clk 0:16:48]} 39. Nxc3 {[%clk 0:04:06]} 39... fxe4 {[%clk 0:17:01]} 40. Kd2
{[%clk 0:04:25]} 40... Kf5 {[%clk 0:17:11]} 41. g3 {[%clk 0:03:37]} 41... Rd8+
{[%clk 0:17:17]} 42. Kc1 {[%clk 0:25:06]} 42... e3 {[%clk 0:46:30]} 0-1

[Event "DEM U14w 2018"]
[Site "Willingen GER"]
[Date "2018.05.26"]
[Round "9"]
[White "Ortlepp, Klaudia"]
[Black "Zixin, Li"]
[Result "1-0"]
[Termination "normal"]
[Board "11"]
[WhiteElo "1505"]
[BlackElo "1423"]
[WhiteClock "00:37:34"]
[BlackClock "00:24:03"]
[PlyCount "53"]
[WhiteFideId "16206045"]
[BlackFideId "16244770"]
[EventCountry "GER"]
[EventRounds "9"]
[EventType "swiss"]
[EventDate "2018.05.19"]

1. e4 {[%clk 1:30:59]} 1... d5 {[%clk 1:30:55]} 2. exd5 {[%clk 1:31:23]} 2...
Nf6 {[%clk 1:31:21]} 3. Nc3 {[%clk 1:31:44]} 3... Nxd5 {[%clk 1:31:47]} 4. Bc4
{[%clk 1:31:37]} 4... c6 {[%clk 1:31:13]} 5. Qf3 {[%clk 1:30:41]} 5... Be6 {
[%clk 1:26:29]} 6. Nge2 {[%clk 1:26:54]} 6... f6 {[%clk 1:25:55]} 7. Nd4 {
[%clk 1:22:46]} 7... Bf7 {[%clk 1:23:34]} 8. O-O {[%clk 1:21:47]} 8... e6 {
[%clk 1:22:30]} 9. Re1 {[%clk 1:19:41]} 9... e5 {[%clk 1:20:05]} 10. d3 { [%clk
1:16:20]} 10... Bb4 {[%clk 1:14:44]} 11. Bd2 {[%clk 1:12:52]} 11... O-O { [%clk
1:13:53]} 12. Nf5 {[%clk 1:11:35]} 12... Nxc3 {[%clk 1:10:36]} 13. Qg4 { [%clk
1:06:38]} 13... g6 {[%clk 1:08:36]} 14. Bxf7+ {[%clk 1:03:14]} 14... Kxf7
{[%clk 1:08:50]} 15. Nh6+ {[%clk 1:02:59]} 15... Kg7 {[%clk 1:06:30]} 16. Qxb4
{[%clk 1:02:24]} 16... Nb5 {[%clk 1:04:53]} 17. Ng4 {[%clk 1:01:52]} 17... g5 {
[%clk 0:58:46]} 18. h4 {[%clk 0:57:40]} 18... h6 {[%clk 0:56:32]} 19. h5 {
[%clk 0:49:35]} 19... Na6 {[%clk 0:53:29]} 20. Qe4 {[%clk 0:48:41]} 20... Qe8 {
[%clk 0:42:22]} 21. Ne3 {[%clk 0:41:17]} 21... Qxh5 {[%clk 0:35:26]} 22. Nf5+ {
[%clk 0:41:06]} 22... Kf7 {[%clk 0:31:39]} 23. Qc4+ {[%clk 0:39:19]} 23... Kg6
{[%clk 0:28:53]} 24. g4 {[%clk 0:38:56]} 24... Qh3 {[%clk 0:28:00]} 25. Re3 {
[%clk 0:38:21]} 25... Nd4 {[%clk 0:23:37]} 26. Rxh3 {[%clk 0:37:34]} 26... b5 {
[%clk 0:24:03]} 27. Rxh6# 1-0

[Event "DEM U14w 2018"]
[Site "Willingen GER"]
[Date "2018.05.26"]
[Round "9"]
[White "Pavlov, Liliane"]
[Black "Mellugja, Ornela"]
[Result "1-0"]
[Termination "normal"]
[Board "12"]
[WhiteElo "1605"]
[BlackElo "747"]
[WhiteClock "01:21:27"]
[BlackClock "01:14:45"]
[PlyCount "57"]
[WhiteFideId "16225449"]
[BlackFideId "16265998"]
[EventCountry "GER"]
[EventRounds "9"]
[EventType "swiss"]
[EventDate "2018.05.19"]

1. d4 {[%clk 1:30:59]} 1... d5 {[%clk 1:30:43]} 2. Nc3 {[%clk 1:31:21]} 2...
Nf6 {[%clk 1:30:50]} 3. Bg5 {[%clk 1:31:35]} 3... h6 {[%clk 1:30:32]} 4. Bh4 {
[%clk 1:31:38]} 4... g5 {[%clk 1:30:41]} 5. Bg3 {[%clk 1:31:54]} 5... c6 {
[%clk 1:30:15]} 6. e3 {[%clk 1:30:55]} 6... Bg4 {[%clk 1:29:28]} 7. f3 { [%clk
1:30:25]} 7... Bc8 {[%clk 1:29:33]} 8. Bd3 {[%clk 1:29:28]} 8... Bg7 { [%clk
1:28:47]} 9. Qd2 {[%clk 1:27:43]} 9... O-O {[%clk 1:28:47]} 10. O-O-O { [%clk
1:26:54]} 10... Nh5 {[%clk 1:28:58]} 11. Bf2 {[%clk 1:25:43]} 11... Qd6 { [%clk
1:28:21]} 12. g4 {[%clk 1:25:19]} 12... Nf6 {[%clk 1:27:25]} 13. h4 { [%clk
1:24:08]} 13... Nbd7 {[%clk 1:26:04]} 14. hxg5 {[%clk 1:23:27]} 14... Nh7
{[%clk 1:26:10]} 15. gxh6 {[%clk 1:22:50]} 15... Bxh6 {[%clk 1:25:52]} 16. f4 {
[%clk 1:22:06]} 16... b6 {[%clk 1:21:07]} 17. g5 {[%clk 1:21:56]} 17... f5 {
[%clk 1:19:16]} 18. Rxh6 {[%clk 1:21:34]} 18... Qc7 {[%clk 1:18:50]} 19. Nf3 {
[%clk 1:21:08]} 19... Nb8 {[%clk 1:18:26]} 20. Rdh1 {[%clk 1:21:05]} 20... Rf7
{[%clk 1:16:28]} 21. g6 {[%clk 1:21:06]} 21... Rg7 {[%clk 1:16:33]} 22. gxh7+ {
[%clk 1:20:51]} 22... Kh8 {[%clk 1:16:30]} 23. Ne5 {[%clk 1:20:17]} 23... e6 {
[%clk 1:15:23]} 24. Ng6+ {[%clk 1:20:21]} 24... Rxg6 {[%clk 1:14:59]} 25. Rxg6
{[%clk 1:20:44]} 25... Qxh7 {[%clk 1:14:45]} 26. Rxh7+ {[%clk 1:20:59]} 26...
Kxh7 {[%clk 1:14:55]} 27. Rg5 {[%clk 1:21:16]} 27... Ba6 {[%clk 1:14:40]} 28.
Bg3 {[%clk 1:21:27]} 28... Bxd3 {[%clk 1:14:45]} 29. Qh2# 1-0

[Event "DEM U14w 2018"]
[Site "Willingen GER"]
[Date "2018.05.26"]
[Round "9"]
[White "Kalina, Lena"]
[Black "Fuchs, Emily"]
[Result "0-1"]
[Termination "normal"]
[Board "13"]
[WhiteElo "1479"]
[BlackElo "1280"]
[WhiteClock "00:26:03"]
[BlackClock "00:31:48"]
[PlyCount "106"]
[WhiteFideId "12988014"]
[BlackFideId "16208986"]
[EventCountry "GER"]
[EventRounds "9"]
[EventType "swiss"]
[EventDate "2018.05.19"]

1. d4 {[%clk 1:30:57]} 1... Nf6 {[%clk 1:30:50]} 2. c4 {[%clk 1:31:20]} 2... e6
{[%clk 1:31:16]} 3. Nf3 {[%clk 1:31:43]} 3... b6 {[%clk 1:31:22]} 4. a3 { [%clk
1:32:04]} 4... Bb7 {[%clk 1:31:39]} 5. Nc3 {[%clk 1:32:12]} 5... c5 { [%clk
1:31:15]} 6. d5 {[%clk 1:28:47]} 6... d6 {[%clk 1:26:47]} 7. e4 { [%clk
1:22:06]} 7... e5 {[%clk 1:15:26]} 8. Be2 {[%clk 1:17:04]} 8... Be7 { [%clk
1:11:24]} 9. O-O {[%clk 1:13:18]} 9... O-O {[%clk 1:05:01]} 10. Ne1 { [%clk
1:06:42]} 10... Ne8 {[%clk 1:01:51]} 11. Bg4 {[%clk 1:01:21]} 11... a6 { [%clk
0:59:41]} 12. Bd2 {[%clk 0:50:13]} 12... Nc7 {[%clk 0:51:59]} 13. Qe2 { [%clk
0:39:34]} 13... b5 {[%clk 0:42:54]} 14. b4 {[%clk 0:33:23]} 14... Nd7 { [%clk
0:36:25]} 15. Nc2 {[%clk 0:29:12]} 15... Nb6 {[%clk 0:28:10]} 16. bxc5 { [%clk
0:20:10]} 16... dxc5 {[%clk 0:24:03]} 17. cxb5 {[%clk 0:17:34]} 17... axb5
{[%clk 0:23:16]} 18. Qe3 {[%clk 0:16:56]} 18... Nc4 {[%clk 0:16:44]} 19. Qe2
{[%clk 0:13:08]} 19... Ba6 {[%clk 0:06:50]} 20. Qd1 {[%clk 0:09:42]} 20... b4
{[%clk 0:06:11]} 21. Ne2 {[%clk 0:09:13]} 21... b3 {[%clk 0:04:35]} 22. Ne3
{[%clk 0:07:52]} 22... Nxe3 {[%clk 0:04:45]} 23. Bxe3 {[%clk 0:07:52]} 23... c4
{[%clk 0:04:57]} 24. Nc3 {[%clk 0:07:17]} 24... Nb5 {[%clk 0:03:58]} 25. Qc1 {
[%clk 0:06:42]} 25... Qa5 {[%clk 0:03:34]} 26. Bd2 {[%clk 0:05:32]} 26... Bxa3
{[%clk 0:02:49]} 27. Nxb5 {[%clk 0:04:00]} 27... Bxc1 {[%clk 0:03:01]} 28. Bxa5
{[%clk 0:03:58]} 28... b2 {[%clk 0:03:20]} 29. Rb1 {[%clk 0:03:34]} 29... Bxb5
{[%clk 0:03:39]} 30. Bc3 {[%clk 0:03:20]} 30... Ra2 {[%clk 0:03:17]} 31. Bxe5 {
[%clk 0:01:27]} 31... c3 {[%clk 0:03:28]} 32. Rfxc1 {[%clk 0:01:43]} 32...
bxc1=Q+ 33. Rxc1 {[%clk 0:01:57]} 33... c2 {[%clk 0:02:55]} 34. h3 { [%clk
0:01:24]} 34... Re8 {[%clk 0:02:26]} 35. f4 {[%clk 0:00:41]} 35... Bd3 { [%clk
0:01:55]} 36. Bf3 {[%clk 0:00:48]} 36... f6 {[%clk 0:00:45]} 37. Bc3 { [%clk
0:00:36]} 37... Bxe4 {[%clk 0:00:51]} 38. Bxe4 {[%clk 0:00:44]} 38... Rxe4
{[%clk 0:01:18]} 39. g3 {[%clk 0:00:46]} 39... Rc4 {[%clk 0:01:22]} 40. Ba1
{[%clk 0:00:38]} 40... Rxa1 {[%clk 0:01:38]} 41. Rxa1 {[%clk 0:00:59]} 41...
c1=Q+ {[%clk 0:02:00]} 42. Rxc1 {[%clk 0:01:25]} 42... Rxc1+ { [%clk 0:02:23]}
43. Kf2 {[%clk 0:01:39]} 43... Rc3 {[%clk 0:02:14]} 44. Kg2 { [%clk 0:29:29]}
44... h5 {[%clk 0:30:56]} 45. h4 {[%clk 0:25:45]} 45... Kf7 { [%clk 0:30:41]}
46. Kf2 {[%clk 0:25:18]} 46... Ke7 {[%clk 0:30:56]} 47. Kg2 { [%clk 0:25:32]}
47... Kd6 {[%clk 0:31:19]} 48. Kf2 {[%clk 0:25:34]} 48... Kxd5 {[%clk 0:31:45]}
49. Kg2 {[%clk 0:25:33]} 49... Ke4 {[%clk 0:32:01]} 50. Kh3 { [%clk 0:25:28]}
50... Kf3 {[%clk 0:31:10]} 51. Kh2 {[%clk 0:25:18]} 51... Rc2+ {[%clk 0:31:28]}
52. Kh3 {[%clk 0:25:43]} 52... f5 {[%clk 0:31:25]} 53. g4 { [%clk 0:26:03]}
53... hxg4# {[%clk 0:31:48]} 0-1

[Event "DEM U12 2018"]
[Site "Willingen GER"]
[Date "2018.05.20"]
[Round "1"]
[White "Niemann, Leon"]
[Black "Wagner, Leopold Franziskus"]
[Result "0-1"]
[Termination "normal"]
[Board "1"]
[WhiteElo "1563"]
[BlackElo "2234"]
[WhiteClock "00:13:56"]
[BlackClock "01:01:59"]
[PlyCount "60"]
[WhiteFideId "16218388"]
[BlackFideId "1641581"]
[EventCountry "GER"]
[EventRounds "11"]
[EventType "swiss"]
[EventDate "2018.05.19"]

1. e4 {[%clk 1:15:57]} 1... c6 {[%clk 1:15:48]} 2. d4 {[%clk 1:16:05]} 2... d5
{[%clk 1:16:13]} 3. exd5 {[%clk 1:16:13]} 3... cxd5 {[%clk 1:16:37]} 4. Bd3 {
[%clk 1:16:24]} 4... Nc6 {[%clk 1:16:54]} 5. c3 {[%clk 1:16:43]} 5... Qc7 {
[%clk 1:16:30]} 6. Ne2 {[%clk 1:15:56]} 6... Bg4 {[%clk 1:14:49]} 7. f3 { [%clk
1:13:38]} 7... Bd7 {[%clk 1:14:35]} 8. Bf4 {[%clk 1:07:50]} 8... Qc8 { [%clk
1:13:16]} 9. Ng3 {[%clk 1:04:24]} 9... Nf6 {[%clk 1:13:11]} 10. O-O { [%clk
1:04:04]} 10... g6 {[%clk 1:12:17]} 11. Qc2 {[%clk 1:03:01]} 11... Bg7 { [%clk
1:12:22]} 12. Nd2 {[%clk 1:02:01]} 12... O-O {[%clk 1:12:00]} 13. Nb3 { [%clk
0:58:03]} 13... b6 {[%clk 1:11:10]} 14. Rfe1 {[%clk 0:57:00]} 14... Qb7 { [%clk
1:09:45]} 15. Rad1 {[%clk 0:49:15]} 15... Ne8 {[%clk 1:06:26]} 16. Qb1 { [%clk
0:46:47]} 16... Nc7 {[%clk 1:05:49]} 17. Ne2 {[%clk 0:43:12]} 17... Rfe8 {[%clk
1:05:08]} 18. Bc2 {[%clk 0:38:12]} 18... e6 {[%clk 1:04:33]} 19. Nec1 { [%clk
0:34:10]} 19... f6 {[%clk 1:03:19]} 20. Nd3 {[%clk 0:30:01]} 20... e5 { [%clk
1:03:04]} 21. Bg3 {[%clk 0:26:47]} 21... e4 {[%clk 1:02:13]} 22. fxe4 { [%clk
0:23:24]} 22... dxe4 {[%clk 1:01:41]} 23. Nf4 {[%clk 0:20:45]} 23... f5 { [%clk
1:00:53]} 24. h4 {[%clk 0:19:56]} 24... Ne7 {[%clk 1:00:38]} 25. Bf2 { [%clk
0:19:24]} 25... Ned5 {[%clk 1:00:29]} 26. Nxd5 {[%clk 0:19:43]} 26... Nxd5
{[%clk 1:00:49]} 27. g3 {[%clk 0:19:44]} 27... e3 {[%clk 1:01:07]} 28. c4
{[%clk 0:16:26]} 28... exf2+ {[%clk 1:01:31]} 29. Kxf2 {[%clk 0:16:17]} 29...
Nf6 {[%clk 1:01:35]} 30. Rxe8+ {[%clk 0:13:56]} 30... Rxe8 {[%clk 1:01:59]} 0-1